000 00326nam a22001337a 4500
008 170922b xxu||||| |||| 00| 0 eng d
020 _a9780070062580
041 _aeng
080 _a37
100 _a46
101 _aEDU
245 _aQUEST READING AND WRITING IN THE ACADEMIC WORLD
_cBLASS.L
942 _2udc
_cBK
999 _c29247
_d29247